Accounting and business analysis. / (Record no. 9111)

MARC details
000 -LEADER
fixed length control field 01190nam a22002297a 4500
003 - CONTROL NUMBER IDENTIFIER
control field OSt
005 - DATE AND TIME OF LATEST TRANSACTION
control field 20220803153713.0
008 - FIXED-LENGTH DATA ELEMENTS--GENERAL INFORMATION
fixed length control field 120530t xxu||||| |||| 00| 0 eng d
024 ## - OTHER STANDARD IDENTIFIER
Standard number or code 1453901091314
040 ## - CATALOGING SOURCE
Transcribing agency LC
050 ## - LIBRARY OF CONGRESS CALL NUMBER
Classification number HF5686.A17
082 ## - DEWEY DECIMAL CLASSIFICATION NUMBER
Classification number 658.1/511
245 ## - TITLE STATEMENT
Title Accounting and business analysis. /
246 ## - VARYING FORM OF TITLE
Title proper/short title BUS 2257 - Second Term 2011/12
260 ## - PUBLICATION, DISTRIBUTION, ETC.
Place of publication, distribution, etc. London, Ontario:
Name of publisher, distributor, etc. Ivey Business School,
Date of publication, distribution, etc. 2013.
300 ## - PHYSICAL DESCRIPTION
Extent ii, 229 p.:
Other physical details ill.;
490 ## - SERIES STATEMENT
Materials specified Business case studies
505 ## - FORMATTED CONTENTS NOTE
Formatted contents note Contents: The grow green program -- Introduction to managerial accounting -- Centre spot -- Aradia fitness London -- Cash budgeting/cash management -- Bluewater football association -- Rosa's palas franchise -- Shirley equipment corporation -- Statement of cash flows -- knight importers -- Lowe's companies, Inc. -- Financial ratio analysis -- Healthy life group -- Financial planning - projected financial statements -- Stix furniture -- The differential cash flow model -- Cool moose creamery -- Eastern Talon transport -- Horseshoe resort -- Adept chemical Inc. -- Terracycle Inc. --
650 ## - SUBJECT ADDED ENTRY--TOPICAL TERM
Topical term or geographic name entry element Accounting
9 (RLIN) 62
710 ## - ADDED ENTRY--CORPORATE NAME
Subordinate unit Ivey Business School
9 (RLIN) 23
942 ## - ADDED ENTRY ELEMENTS (KOHA)
Source of classification or shelving scheme Library of Congress Classification
Koha item type Books
Holdings
Withdrawn status Lost status Source of classification or shelving scheme Damaged status Not for loan Home library Current library Shelving location Date acquired Serial Enumeration / chronology Full call number Barcode Date last seen Price effective from Koha item type
    Library of Congress Classification     WISCONSIN INTERNATIONAL UNIVERSITY COLLEGE, GHANA KUMASI LIBRARY WISCONSIN INTERNATIONAL UNIVERSITY COLLEGE, GHANA KUMASI LIBRARY General Stacks 11/11/2019 ACC/Ric HF5686.A17 K/1901/1901/19 03/08/2022 03/08/2022 Books

If you have any concerns or questions; kindly contact the library


© Powered by WIUC ICT DIRECTORATE